000 00447nam a2200181Ia 4500
008 090124s9999 xx 000 0 und d
082 _b103728
100 _aदळवी जयवंत
245 _a गहिवर
250 _a1
260 _c1951
300 _a130
600 _aदळवी जयवंत
630 _a गहिवर
700 _aदळवी जयवंत
730 _a गहिवर
942 _cBOOK
999 _c149820
_d149820